Score 0/20 Timer 07:00
0 Plays Today
Rhyming Title Actual Title % Correct
The ThoraxThe Lorax
97.7%
Shorten Fears a EweHorton Hears a Who!
76.1%
Clean Legs and SpamGreen Eggs and Ham
75.4%
Shop on TopHop on Pop
74.7%
The Gnat in the VatThe Cat in the Hat
71.1%
Fun Swish, New Wish, Bread Dish, Shoe SquishOne Fish, Two Fish, Red Fish, Blue Fish
68.5%
Now the Inch Scroll IsthmusHow the Grinch Stole Christmas!
66.5%
Knox in BoxFox in Socks
63.2%
Hurtle the MyrtleYertle the Turtle
59.7%
Crappy Earth Day to PoohHappy Birthday to You!
56.4%
Rhyming Title Actual Title % Correct
Morton Catches the KegHorton Hatches the Egg
48.8%
Flares a Rocket in Thy SprocketThere's a Wocket in My Pocket!
46.8%
The BreechesThe Sneetches
43.5%
Know the Braces Tool ShowOh, the Places You'll Go!
42.4%
The Soot CookThe Foot Book
39.6%
Spiff Guy Scan the LooIf I Ran the Zoo
26.1%
Gambled Dregs ScooperScrambled Eggs Super!
18.6%
Crunches in LunchesHunches in Bunches
17.4%
Kidrick the Wig-Parted SeussThidwick the Big-Hearted Moose
14.9%
Snow Sleigh Plan Two PlayOh, Say Can You Say?
11.1%

You're not logged in!

Compare scores with friends on all Sporcle quizzes.
OR
Log In

Sporcle TV

Today on Sporcle TV


Watch our educational content, quiz creation guides, and fun videos on Sporcle TV.

Show Comments

Extras

Top Quizzes Today


Score Distribution

Paid Content

Your Account Isn't Verified!

In order to create a playlist on Sporcle, you need to verify the email address you used during registration. Go to your Sporcle Settings to finish the process.

Report this User

Report this user for behavior that violates our Community Guidelines.

Details: